000 00357nam a2200133Ia 4500
008 191201s2018 xx 000 0 und d
082 _a572.3 MUB
100 _aMURUGESH, N
245 0 _aBiochemistry and clinical pathology
260 _bSathya pub
_aMadurai
_c2018
300 _a10.3
650 _aApplied Biochemistry & Clinical Chemistry
942 _2ddc
_cBK
999 _c8240
_d8240